| 000 | 01025nam a2200313 a 4500 | ||
|---|---|---|---|
| 001 | 20611 | ||
| 003 | VRT | ||
| 005 | 20260127141858.0 | ||
| 008 | 130620s1985 xo 0 slo | ||
| 015 | _aSNBA1986/02 | ||
| 020 | _c25 Kčs. (5000 výtl.) | ||
| 035 | _aSNK000029889 | ||
| 039 | 9 |
_a202308030918 _bAUTHORITY _c202204061013 _dAUTHORITY _c202204060926 _dAUTHORITY _c201306201225 _dVLOAD |
|
| 040 |
_aSNK _bslo _cSNK _eAACR2 |
||
| 041 | 0 | _aslo | |
| 044 |
_axo _cSK |
||
| 080 |
_a885.0-3 _21. stred. slo |
||
| 100 | 1 |
_aBeneš, Karel Josef, _d1896-1969 |
|
| 245 | 1 |
_aČervená pečať _cKarel J. Beneš ; Jana Rovenská, Vladislav Rostoka |
|
| 250 | _a1. vyd. | ||
| 260 |
_aBratislava _bTatran _c1985 _eBratislava _fSvornosť |
||
| 300 |
_a455 s., 27,45 AH _c20 cm |
||
| 490 | 0 |
_aSvetová tvorba _vZv. 173. |
|
| 500 | _aRozlož. ilustr. tit. list. | ||
| 700 | 1 |
_aRovenská, Jana, _d1950- _4trl |
|
| 700 | 1 |
_aRostoka, Vladislav, _d1948- _4gup |
|
| 942 |
_2ddc _cKLDO _n0 |
||
| 999 |
_c20611 _d20611 |
||